00846nam a22002295i 4500001000700000003000900007005001700016008004100033040002000074100002100094245009800115250001300213260006300226300004000289490002200329490005000351490004500401830002200446830005400468830004500522852004900567157294ES-MaACL20250817005421.0040819q18801900fr |||| | fre d aCAM bspa cCAM1 aLaurie, André.13aLa vie de collège en Angleterre / cpar André Laurie; illustrations par P. Philippoteaux. a4e éd. aParis : bJ. Hetzel et Cie., c[s.a.] (fTyp. G. Chamerot) a326 p., [1] h. de lám. ; c19 cm.1 aCollection Hetzel1 aBibliothèque d'education et de récreation1 aLa vie de collège dans tous les pays)(0 aCollection Hetzel00aBibliothèque d'éducation et de récréation0 aLa vie de collège dans tous les pays)( aES-MaACLjF-10346 z-- Enc. pasta española